Nalaganje...

Management Approach and Theorists

Bibliografske podrobnosti
Glavni avtor: Sudha, G.S
Format: Printed Book
Jezik:English
Izdano: Jaipur Pointer 1998
LEADER 00614nam a2200241 a 4500
001 adlib96000001
003 ViArRB
005 20151026131001.0
008 960221s1955 dcuabcdjdbkoqu001 0deng d
020 |a 81-7132-143-7 
022
040 |a Adlib 
082 |a 65.01 
245 |a Management Approach and Theorists 
250
260 |a Jaipur  |b Pointer  |c 1998 
300 |a 226 p. 
500 |a  Bibliog on p 222-224 
100 |a Sudha, G.S. 
700
942 |c BK  |6 _ 
999 |c 17908  |d 17908 
952 |0 0  |1 0  |4 0  |6 6501_SUD  |7 0  |9 29445  |a UL  |b UL  |d 2010-06-16  |o 65.01 SUD  |p 00042782  |r 2010-06-16  |w 2010-06-16  |y BK